Every NBA Franchise's All Time Starting 5 - Statistics

General Stats
  • This quiz has been taken 3,726 times
  • The average score is 93 of 150
Answer Stats
Team Position Answer % Correct
Cleveland Cavaliers SF LeBron James
96%
Miami Heat SF LeBron James
96%
Golden State Warriors PG Stephen Curry
94%
Charlotte Hornets SG Dell Curry
92%
Oklahoma City Thunder SF Kevin Durant
92%
Chicago Bulls SG Michael Jordan
92%
Los Angeles Lakers C Shaquille O'Neal
92%
Orlando Magic C Shaquille O'Neal
92%
Miami Heat SG Dwyane Wade
91%
Boston Celtics SF Larry Bird
90%
Los Angeles Lakers PF Kareem Abdul-Jabbar
89%
Milwaukee Bucks C Kareem Abdul-Jabbar
89%
Cleveland Cavaliers PG Kyrie Irving
89%
Chicago Bulls SF Scottie Pippen
89%
Houston Rockets PG James Harden
88%
Los Angeles Lakers SG Jerry West
88%
Golden State Warriors SG Klay Thompson
88%
Golden State Warriors C Wilt Chamberlain
88%
Philadelphia 76ers C Wilt Chamberlain
88%
Boston Celtics C Bill Russell
87%
Portland Trail Blazers PG Damian Lillard
87%
New Orleans Pelicans PF David West
87%
Chicago Bulls PF Dennis Rodman
87%
Detroit Pistons SF Dennis Rodman
87%
Detroit Pistons PG Isiah Thomas
87%
Los Angeles Lakers PG Magic Johnson
87%
Los Angeles Clippers PG Chris Paul
86%
New Orleans Pelicans PG Chris Paul
86%
Dallas Mavericks PF Dirk Nowitzki
86%
Philadelphia 76ers SF Julius Erving
86%
Minnesota Timberwolves C Kevin Garnett
86%
San Antonio Spurs PF Tim Duncan
86%
Miami Heat PF Chris Bosh
85%
Toronto Raptors PF Chris Bosh
85%
Milwaukee Bucks PF Giannis Antetokounmpo
85%
Utah Jazz PF Karl Malone
85%
Oklahoma City Thunder SG Russell Westbrook
85%
Phoenix Suns PG Steve Nash
85%
Houston Rockets C Hakeem Olajuwon
84%
Los Angeles Lakers SF Kobe Bryant
84%
Houston Rockets PF Moses Malone
84%
Philadelphia 76ers PF Moses Malone
84%
Denver Nuggets SG David Thompson
83%
Brooklyn Nets PG Jason Kidd
83%
Washington Wizards PG John Wall
82%
San Antonio Spurs SF Kawhi Leonard
81%
San Antonio Spurs PG Tony Parker
81%
Atlanta Hawks SF Dominique Wilkins
80%
Utah Jazz PG John Stockton
80%
San Antonio Spurs C David Robinson
79%
Atlanta Hawks PG Lenny Wilkens
79%
Chicago Bulls PG Derrick Rose
78%
Denver Nuggets SF Carmelo Anthony
77%
New York Knicks SF Carmelo Anthony
77%
Milwaukee Bucks PG Oscar Robertson
77%
Sacramento Kings PG Oscar Robertson
77%
Indiana Pacers SG Reggie Miller
76%
Philadelphia 76ers PG Allen Iverson
75%
New Orleans Pelicans C Anthony Davis
75%
Houston Rockets SF Clyde Drexler
75%
Portland Trail Blazers SG Clyde Drexler
75%
New York Knicks C Patrick Ewing
75%
Indiana Pacers SF Paul George
75%
Brooklyn Nets SF Vince Carter
75%
Toronto Raptors SF Vince Carter
75%
New Orleans Pelicans SG Baron Davis
74%
Boston Celtics PG Bob Cousy
74%
Memphis Grizzlies SG Mike Miller
74%
Phoenix Suns SG Walter Davis
74%
Minnesota Timberwolves PF Kevin Love
73%
Charlotte Hornets PF Larry Johnson
73%
Memphis Grizzlies C Marc Gasol
73%
Phoenix Suns PF Charles Barkley
72%
Boston Celtics SG Paul Pierce
72%
Orlando Magic PG Penny Hardaway
72%
Miami Heat PG Tim Hardaway
72%
Milwaukee Bucks SF Ray Allen
71%
Charlotte Hornets C Alonzo Mourning
69%
Miami Heat C Alonzo Mourning
69%
Oklahoma City Thunder PG Gary Payton
69%
Detroit Pistons PF Ben Wallace
68%
Houston Rockets SG Tracy McGrady
68%
Orlando Magic SG Tracy McGrady
68%
Atlanta Hawks C Dikembe Mutombo
64%
Denver Nuggets C Dikembe Mutombo
64%
Boston Celtics PF Kevin McHale
64%
Washington Wizards SF Bradley Beal
63%
Atlanta Hawks PF Bob Pettit
62%
Brooklyn Nets C Brook Lopez
62%
Portland Trail Blazers C Bill Walton
61%
Charlotte Hornets PG Kemba Walker
59%
Orlando Magic PF Dwight Howard
58%
Detroit Pistons SG Joe Dumars
58%
Memphis Grizzlies PG Mike Conley
58%
Phoenix Suns C Amar'e Stoudemire
57%
Golden State Warriors PF Rick Barry
57%
Toronto Raptors SG DeMar DeRozan
55%
San Antonio Spurs SG George Gervin
55%
Oklahoma City Thunder C Shawn Kemp
55%
Detroit Pistons C Bill Laimbeer
54%
New York Knicks PG Walt Frazier
53%
Washington Wizards C Wes Unseld
52%
Chicago Bulls C Artis Gilmore
51%
Los Angeles Clippers C Bob McAdoo
50%
Brooklyn Nets PF Buck Williams
50%
Golden State Warriors SF Chris Mullin
50%
Sacramento Kings PF Chris Webber
50%
Brooklyn Nets SG Deron Williams
50%
Cleveland Cavaliers SG Mark Price
47%
Denver Nuggets PF Alex English
45%
Memphis Grizzlies PF Zach Randolph
45%
Toronto Raptors PG Damon Stoudemire
42%
Portland Trail Blazers PF LaMarcus Aldridge
42%
New York Knicks PF Willis Reed
41%
Orlando Magic SF Grant Hill
40%
Washington Wizards PF Elvin Hayes
39%
Denver Nuggets PG Chauncey Billups
38%
Phoenix Suns SF Shawn Marion
38%
Utah Jazz SG Pete Maravich
37%
Cleveland Cavaliers C Zydrunas Ilgauskas
36%
Sacramento Kings SF Peja Stojakovic
34%
Milwaukee Bucks SG Sidney Moncrief
34%
Washington Wizards SG Gilbert Arenas
33%
Utah Jazz C Mark Eaton
33%
Dallas Mavericks C Tyson Chandler
33%
Charlotte Hornets SF Glen Rice
32%
Minnesota Timberwolves SG Sam Mitchell
27%
Utah Jazz SF Adrian Dantley
26%
Sacramento Kings C Vlade Divac
26%
Indiana Pacers C Rik Smits
25%
Portland Trail Blazers SF Brandon Roy
23%
Cleveland Cavaliers PF Brad Daugherty
22%
Dallas Mavericks SF Mark Aguirre
21%
Los Angeles Clippers PF Elton Brand
20%
Toronto Raptors C Jonas Valanciunas
20%
New York Knicks SG Earl Monroe
19%
Sacramento Kings SG Mitch Richmond
19%
Oklahoma City Thunder PF Jack Sikma
18%
Indiana Pacers PF Danny Granger
16%
Dallas Mavericks PG Derek Harper
16%
Los Angeles Clippers SG Jamal Crawford
16%
Atlanta Hawks SG Lou Hudson
16%
Philadelphia 76ers SG Maurice Cheeks
16%
Minnesota Timberwolves PG Stephon Marbury
15%
Minnesota Timberwolves SF Wally Szczerbiak
14%
New Orleans Pelicans SF Eric Gordon
13%
Indiana Pacers PG Victor Oladipo
12%
Memphis Grizzlies SF Shane Battier
7%
Los Angeles Clippers SF Corey Maggette
6%
Dallas Mavericks SG Rolando Blackmon
5%
No matching quizzes found
Score Distribution
Percent of People with Each Score
Percentile by Number Answered
Your Score History
You have not taken this quiz